Personnages d'Olive et Tom par Images - Statistiques

Statistiques générales
  • Ce quiz a été pris 621 fois
  • Le résultat moyen est 12 sur 20
Statistiques - réponses
Par images Réponse % Correct
Olivier Atton
99%
Thomas Price
95%
Ben Becker
91%
Mark Landers
90%
Bruce Harper
79%
Roberto Sedinho
73%
Julian Ross
71%
Ed Warner
64%
Frères {Derrick}
64%
Danny Mellow
63%
Allan Crocker
56%
Ted Carter
51%
Patty Gadsby
47%
Paul Diamond
47%
Philipp Calahan
46%
Karl Heinz Schneider
43%
Pierre Leblanc
40%
Jack Morris
38%
Carlos Santana
33%
Ralph Peterson
29%
Aucun quiz correspondant
Distribution des résultats
% des personnes avec chaque résultat
Percentile par nombre de réponses
Votre historique - résultats
Vous n’avez pas pris ce quiz